Světelné desky. Část třetí, Logos tvorby /

Hlavní autor: Petrov, Arkadij Naumovič, 1946-
Další autoři: Hošková, Danuše
Jazyk: Čeština
Vydáno: Brno : Libuše Bělousová, 2020
Vydání: První vydání
Témata:
Fyzický popis: 224 stran : ilustrace (převážně barevné) ; 22 cm
Knihy
Uloženo v:
LEADER 02760cam a2200745 i 4500
001 nkc20203259320
003 CZ PrNK
005 20211123095122.0
007 ta
008 210312s2020 xr a e 000 0 cze d
015 |a cnb003259320 
020 |a 978-80-906744-1-7  |q (vázáno) 
035 |a (OCoLC)1284974740 
040 |a KLG001  |b cze  |d ABA001  |e rda 
041 1 |a cze  |h rus 
072 7 |a 615.8  |x Fyzioterapie. Psychoterapie. Alternativní lékařství  |2 Konspekt  |9 14 
080 |a 615.8  |2 MRF 
080 |a 133.2  |2 MRF 
080 |a 577.337  |2 MRF 
080 |a 2-184  |2 MRF 
080 |a 159.922  |2 MRF 
080 |a 133  |2 MRF 
080 |a 128/129  |2 MRF 
080 |a 27-31-144.894.2  |2 MRF 
080 |a (049)  |2 MRF 
080 |a (035)  |2 MRF 
100 1 |a Petrov, Arkadij Naumovič,  |d 1946-  |7 jo2014825710  |4 aut 
240 1 0 |a Logos tvorenija.  |l Česky 
245 1 0 |a Světelné desky.  |n Část třetí,  |p Logos tvorby /  |c Arkadij Petrov ; přeložila Danuše Hošková 
246 3 0 |a Logos tvorby 
250 |a První vydání 
264 1 |a Brno :  |b Libuše Bělousová,  |c 2020 
300 |a 224 stran :  |b ilustrace (převážně barevné) ;  |c 22 cm 
336 |a text  |b txt  |2 rdacontent 
337 |a bez média  |b n  |2 rdamedia 
338 |a svazek  |b nc  |2 rdacarrier 
500 |a Přeloženo z ruštiny 
650 0 7 |a učení Strom života  |7 ph934311  |2 czenas 
650 0 7 |a alternativní medicína  |7 ph114029  |2 czenas 
650 0 7 |a duchovní cesta  |7 ph119626  |2 czenas 
650 0 7 |a energetický systém člověka  |7 ph137672  |2 czenas 
650 0 7 |a Bůh a člověk  |7 ph116953  |2 czenas 
650 0 7 |a vědomí  |7 ph127380  |x esoterické pojetí  |2 czenas 
650 0 7 |a duše  |7 ph114376  |x esoterické pojetí  |2 czenas 
650 0 7 |a logoterapie  |7 ph115170  |x esoterické pojetí  |2 czenas 
650 0 9 |a Tree of life doctrine  |2 eczenas 
650 0 9 |a alternative medicine  |2 eczenas 
650 0 9 |a spiritual path  |2 eczenas 
650 0 9 |a human bioenergetics  |2 eczenas 
650 0 9 |a relations between God and man  |2 eczenas 
650 0 9 |a consciousness  |x esoteric approach  |2 eczenas 
650 0 9 |a soul  |x esoteric approach  |2 eczenas 
650 0 9 |a logotherapy  |x esoteric approach  |2 eczenas 
655 7 |a pojednání  |7 fd133056  |2 czenas 
655 7 |a příručky  |7 fd133209  |2 czenas 
655 9 |a essays  |2 eczenas 
655 9 |a handbooks and manuals  |2 eczenas 
700 1 |a Hošková, Danuše  |7 jo20191057249  |4 trl 
765 1 |t Skrižali sveta  |9 Česky 
910 2 |a BOA001  |b 2-1373.376,3 
920 |a 1323290  |z KLG001 
990 |a BK 
995 |a 01 
996 6 |b 2610886668  |c 2-1373.376,3  |l MZK  |r Sklad / do 1 hodiny  |n 1  |p p.v.  |w 001870179  |u 000010  |a 1  |e BOA001  |j MZK50  |s P 
996 7 |b 2610886669  |c 2-1373.376,3  |l MZK  |r Sklad / do 1 hodiny  |n 14  |p p.v.  |w 001870179  |u 000020  |a 1  |e BOA001  |j MZK50  |s A